000 00442nam a2200181Ia 4500
003 0STCL
008 150530s9999 xx 000 0 und d
040 _aSTCL
_cSTCL
100 _aDevendra Issar
245 _aUttar Adhunikta: Sahitya Aur Sanskriti Ki Nayee Soch
250 _a1
260 _bIndraPrastha Prakashan
_c2002
_aNew Delhi
300 _a0
546 _aHindi
942 _2ddc
_cBK
999 _c65202
_d65202
005 20220125171300.0